[Event "AUT-chT2M 1920"]
[Site "Austria"]
[Date "2020.01.10"]
[Round "7.3"]
[White "Postlmayer, Jakob"]
[Black "Gaertner, Markus"]
[Result "1-0"]
[WhiteElo "2204"]
[BlackElo "2139"]
[PlyCount "49"]
[EventDate "2019.10.11"]
[EventType "team-tourn"]
[EventRounds "11"]
[EventCountry "AUT"]
[SourceTitle "CBM 194 Extra"]
[Source "ChessBase"]
[SourceDate "2020.03.31"]
[SourceVersion "1"]
[SourceVersionDate "2020.03.31"]
[SourceQuality "1"]
[WhiteTeam "Freistadt/Wartberg"]
[BlackTeam "Nettingsdorf/Traun"]
[WhiteTeamCountry "AUT"]
[BlackTeamCountry "AUT"]

1. e4 e5 2. Nf3 Nc6 3. Bb5 a6 4. Ba4 Nf6 5. 0-0 b5 6. Bb3 Be7 7. Re1 d6 8. c3 0-0 9. h3 Na5 10. Bc2 c5 11. d4 Qc7 12. d5 c4 13. b4 cxb3 14. axb3 Ne8 15. Bd2 Rb8 16. c4 Nb7 17. Rxa6 bxc4 18. Rc6 Qd8 19. b4 f5 20. exf5 Nf6 21. Nc3 Bd7 22. Rxc4 Qb6 23. Be4 Qa6 24. Bd3 Bb5 25. Rc6 1-0

[Event "AUT-chT2M 1920"]
[Site "Austria"]
[Date "2019.10.12"]
[Round "2.3"]
[White "Gaertner, Markus"]
[Black "Ceschia, Ivano"]
[Result "1-0"]
[WhiteElo "2139"]
[BlackElo "2211"]
[PlyCount "181"]
[EventDate "2019.10.11"]
[EventType "team-tourn"]
[EventRounds "11"]
[EventCountry "AUT"]
[SourceTitle "CBM 192 Extra"]
[Source "Chessbase"]
[SourceDate "2019.11.06"]
[SourceVersion "1"]
[SourceVersionDate "2019.11.06"]
[SourceQuality "1"]
[WhiteTeam "Nettingsdorf/Traun"]
[BlackTeam "St Veit Aspernig II"]
[WhiteTeamCountry "AUT"]
[BlackTeamCountry "AUT"]

1. d4 e6 2. c4 Nf6 3. Nc3 Bb4 4. f3 d5 5. a3 Bxc3+ 6. bxc3 0-0 7. cxd5 Nxd5 8. e4 Nxc3 9. Qb3 Nxe4 10. fxe4 Qh4+ 11. Qg3 Qxe4+ 12. Be3 Nc6 13. Rd1 f5 14. Bd3 Qd5 15. Ne2 Qa5+ 16. Bd2 Qxa3 17. 0-0 Qe7 18. Bb5 Bd7 19. Qb3 a6 20. Bxc6 Bxc6 21. Bb4 Qg5 22. Qxe6+ Kh8 23. Nf4 Rfe8 24. Qb3 Re4 25. g3 a5 26. Bc3 a4 27. Qb2 a3 28. Qb3 Qe7 29. Ba1 Re8 30. Rc1 Re3 31. Qc4 Qd7 32. Rb1 Be4 33. Rb3 Rxb3 34. Qxb3 Qd6 35. Rc1 h6 36. d5 Kh7 37. Qxb7 Re7 38. Qc6 Qb4 39. Qc5 Qxc5+ 40. Rxc5 g5 41. Ne6 Bxd5 42. Rxc7 Rxc7 43. Nxc7 Bc4 44. Kf2 Kg6 45. Ne8 Bd5 46. Ke3 Bf7 47. Nd6 Be6 48. Kd4 f4 49. gxf4 gxf4 50. Ke5 f3 51. Ne4 Bc8 52. Kf4 Bb7 53. Nd2 f2 54. Kg3 Kf5 55. Kxf2 Bd5 56. Ke3 Kg4 57. Kf2 Kh3 58. Kg1 a2 59. Nf1 Bc4 60. Ng3 Bd3 61. Nh5 Be4 62. Bc3 Bc6 63. Bb2 Kh4 64. Nf4 Kg4 65. Ne6 Bd5 66. Nd4 Bc6 67. Nb3 Bd5 68. Na1 Bc6 69. Kf2 Kf4 70. Ke2 Kg4 71. Kd2 Kh3 72. Be5 Be8 73. Kc3 h5 74. Kb2 Bf7 75. Nc2 Kg4 76. Nb4 Kf5 77. Bc7 Kg4 78. Nxa2 Kf3 79. Nb4 Be6 80. Kc3 Ke4 81. Nc6 Bd7 82. Ne7 Be6 83. Ng6 Bf7 84. Nh4 Be6 85. Kd2 Bg4 86. Ke1 Ke3 87. Bb6+ Ke4 88. Kf2 Bd1 89. Kg3 Ke5 90. Ng2 Kf6 91. Kh4 1-0

[Event "Oberoesterreich-ch op"]
[Site "Traun"]
[Date "2017.04.09"]
[Round "3"]
[White "Hoebarth, Guenter"]
[Black "Gaertner, Markus"]
[Result "0-1"]
[WhiteElo "1930"]
[BlackElo "2065"]
[PlyCount "94"]
[EventDate "2017.04.07"]
[EventType "swiss"]
[EventRounds "9"]
[EventCountry "AUT"]
[SourceTitle "EXT 2024"]
[Source "ChessBase"]
[SourceDate "2023.10.10"]
[SourceVersion "1"]
[SourceVersionDate "2023.10.10"]
[SourceQuality "1"]

1. d3 d5 2. Nd2 e5 3. Ngf3 Nc6 4. g3 f5 5. c3 Nf6 6. Bg2 Bd6 7. 0-0 e4 8. Nd4 Nxd4 9. cxd4 exd3 10. exd3 0-0 11. Nf3 f4 12. Ne5 fxg3 13. fxg3 c6 14. Bg5 Qb6 15. Nf3 Bg4 16. Qb3 Bc7 17. Qxb6 Bxb6 18. Be3 Rae8 19. Rae1 Bxf3 20. Bxf3 Rxe3 21. Rxe3 Bxd4 22. Rfe1 Re8 23. Kf2 Nd7 24. b4 a5 25. a3 axb4 26. axb4 Nb8 27. b5 Nd7 28. bxc6 bxc6 29. Bg2 Rxe3 30. Rxe3 Kf7 31. Ke2 Bxe3 32. Kxe3 Ke6 33. Bh3+ Kd6 34. Kf4 c5 35. Bf5 g6 36. Bg4 Ne5 37. Be2 h6 38. g4 Nc6 39. Bf1 Nd4 40. h4 Ne6+ 41. Ke3 Ke5 42. Be2 g5 43. hxg5 Nxg5 44. Bd1 d4+ 45. Kf2 Kf4 46. Be2 Nf7 47. Kg2 Ne5 0-1

[Event "Oberoesterreich-ch op"]
[Site "Traun"]
[Date "2017.04.07"]
[Round "1"]
[White "Deleja Hotko, Karl"]
[Black "Gaertner, Markus"]
[Result "0-1"]
[WhiteElo "1757"]
[BlackElo "2065"]
[PlyCount "80"]
[EventDate "2017.04.07"]
[EventType "swiss"]
[EventRounds "9"]
[EventCountry "AUT"]
[SourceTitle "EXT 2024"]
[Source "ChessBase"]
[SourceDate "2023.10.10"]
[SourceVersion "1"]
[SourceVersionDate "2023.10.10"]
[SourceQuality "1"]

1. e4 e5 2. Nf3 Nc6 3. c3 Nf6 4. d4 exd4 5. e5 Nd5 6. cxd4 d6 7. Bb5 Bd7 8. Qb3 Nb6 9. 0-0 Be7 10. exd6 Bxd6 11. Re1+ Ne7 12. Bxd7+ Qxd7 13. Nc3 0-0 14. Bg5 h6 15. Ne5 Bxe5 16. Bxe7 Rfe8 17. dxe5 Rxe7 18. Rad1 Qf5 19. Nd5 Nxd5 20. Qxd5 c6 21. Qe4 Qxe4 22. Rxe4 Rae8 23. f4 f6 24. Rde1 Kf7 25. g4 fxe5 26. fxe5 Ke6 27. R1e2 Rd8 28. Kf2 Rf7+ 29. Kg3 Rd3+ 30. R4e3 Rxe3+ 31. Rxe3 g5 32. h4 Rd7 33. hxg5 hxg5 34. Rf3 Rd5 35. Ra3 a6 36. Rb3 Rb5 37. Rxb5 axb5 38. Kf3 Kxe5 39. Ke3 c5 40. Kd3 Kf4 0-1